|
|
|
|
| LEADER |
00000nab a2200000 a 4500 |
| 001 |
vtls000397552 |
| 003 |
SK-MaSNL |
| 005 |
20260303191353.0 |
| 008 |
111202c1989 xo 0 slo |
| 015 |
|
|
|a SNBRA19rr/mm-uuuuu
|
| 035 |
|
|
|a CL0397676
|
| 040 |
|
|
|a SNKBUCL
|b slo
|c SNKBUCL
|e AACR2
|
| 041 |
0 |
|
|a slo
|
| 044 |
|
|
|a xo
|c SK
|
| 080 |
|
|
|a 537.612.082.7:621.317.4
|2 1981
|
| 080 |
|
|
|a 621.317.4
|2 1981
|
| 100 |
1 |
|
|a Prokeš, Jozef
|4 aut
|9 266807
|
| 245 |
1 |
0 |
|a Meranie veľmi slabých magnetických polí
|c Jozef Prokeš, L. Chudý
|
| 300 |
|
|
|b Obr. 4., lit. 2 zázn. v ruš., angl.
|
| 650 |
0 |
7 |
|a magnetické polia
|2 snkbucl
|9 345020
|
| 650 |
0 |
7 |
|a kvantové supravodivé magnetometre
|2 snkbucl
|9 1220682
|
| 650 |
0 |
7 |
|a gradiometre
|2 snkbucl
|9 1220683
|
| 650 |
0 |
7 |
|a kryostaty
|2 snkbucl
|9 1220684
|
| 655 |
|
7 |
|a články zo zborníkov
|2 snkbucl
|9 166140
|
| 700 |
1 |
|
|a Chudý, L.
|4 aut
|9 784505
|
| 773 |
0 |
|
|t Problémy merania ťažkomerateľných javov biologického pôvodu
|d Bratislava : Dom techniky ČSVTS, 1989
|g S. 3-6
|
| 850 |
|
|
|a Slovenská národná knižnica v Martine
|a MTA001
|
| 852 |
|
|
|a SNK
|b KIS3GCP
|
| 958 |
|
|
|a RK
|
| 992 |
|
|
|a RZB
|
| 999 |
|
|
|c 2140913
|d 2142843
|